| 000 | 00740nam a2200229 a 4500 | ||
|---|---|---|---|
| 001 | 57313 | ||
| 003 | BD-RjUL | ||
| 005 | 20211209080508.0 | ||
| 008 | 161208s1981 enk b 001 0 eng | ||
| 020 | _a0520041208 | ||
| 035 | _a(BD-RjUL) 57437 | ||
| 040 |
_aDLC _cDLC _dBD-RjUL _beng |
||
| 041 | _aeng | ||
| 082 | 0 | 0 |
_a305.52 _223 _bCOP 1981 |
| 100 | 1 |
_aCohen, Abner. _9170194 |
|
| 245 | 1 | 4 |
_aThe politics of elite culture : _bexplorations in the dramaturgy of power in a modern African society / _cAbner Cohen. |
| 260 |
_aLondon : _bUniversity of California Press, _cc1981. |
||
| 300 |
_axxii, 257 p. ; _c22 cm. |
||
| 504 | _aIncludes Bibliographical References and Index | ||
| 650 | 0 |
_aElite (Social sciences) _9170195 |
|
| 942 |
_2ddc _cBK |
||
| 999 |
_c57313 _d57313 |
||